000 00676nam a2200229Ia 4500
003 OSt
005 20220928141510.0
006 a|||||r|||| 00| 0
007 ta
008 220927b |||||||| |||| 00| 0 eng d
024 _a15581
037 _cTextual
040 _aSDCL
_cSDCL
_beng
041 _2eng
_aeng
082 _aV1:19(C9B3)'N8, M4
100 _aPasqualetti Martin J Ed.
_9500607
245 0 _aNuclear power
_bAssessing and managing hazardous technology
260 _c1984
700 _a Pijawka K David Ed.
_9500608
942 _hV1:19(C9B3)'N8, M4
_cTEXL
_2CC
999 _c817972
_d817972